00442nam a22001337a 4500999001900000020001500019082001300034100002000047245004300067260004100110300001000151942000800161952013900169 c331050d331050 a1853261335 a823bRAC aRackham, Arthur aEnglish fairy talescby Arthur Rackham aNew York:bWordsworth classicsc1994 a256p. 2ddc 00102ddc406398_200000000000000_RAC709391631aCLbCLcFICd2017-08-29l1o398.2 RACpCL742r2018-02-10s2017-08-29w2017-08-29yBK